Hotel del Luna-Quiz - Statistiques

Statistiques générales
  • Ce quiz a été pris 2 fois
  • Le résultat moyen est 5 sur 10
Statistiques - réponses
Questions Réponses % Correct
Quelle actrice joue le personnage de Jang Man-wol ? IU | Lee Ji-eun
100%
Que peut voir Chan-sung ? Les morts
100%
Dans quelle ville se trouve l'hôtel ? Séoul
100%
Quel est le plus gros défaut de Jang Man-wol ? dépensière | attirée par l'argent
50%
Dans quel pays Chan-sung a-t-il fait ses études ? Etats-Unis
50%
Quel est le nom du prochain hôtel ? Hotel blue moon
50%
Qu'était Lee Mi-ra dans sa vie passé ? Une princesse
50%
De quel groupe a-t-elle fait partie ? Gugundan | I.O.I.
0%
Quelle chanteuse joue le rôle de Kim Yoo-na Kang Mi-na
0%
Dans quel objet est libéré le tigre ? un tableau
0%
Aucun quiz correspondant
Distribution des résultats
% des personnes avec chaque résultat
Percentile par nombre de réponses
Votre historique - résultats
Vous n’avez pas pris ce quiz